000 00353 a2200169 4500
001 72864
020 _a8516011089
040 _cAnchieta - Colégio São Paulo
100 _aPompéia, Raul
240 1 0 _aO Ateneu
_lpor
245 1 0 _aO Ateneu
300 _a160
362 0 _a1997
440 1 _aModerna
650 4 _aFicção brasileira
942 _cBK
999 _c72864
_d72864